00338nam a22000977a 4500008004100000082002300041100005200064245006400116260005200180300000800232230626b xxu||||| |||| 00| 0 eng d a333.323096762bKNC cKenya National Commission on Human Rightsd2006 aUnjust EnrichmentbThe Making of land Grabbing Millionaires bKenya National Commission on Human Rightsc2006 a31p